Statistics for Old Brand Logos Quiz #3

Click here to take the quiz!

General Stats

  • This quiz has been taken 1,833 times
  • The average score is 7 of 20

Answer Stats

Brand % Correct
Discovery Channel
80%
7 Eleven
80%
Mercedes-Benz
78%
Knorr
73%
Subway
67%
Quaker
62%
Adidas
51%
AOL
46%
Citroen
42%
United Airlines
39%
Audi
15%
Fujifilm
14%
Samsung
12%
VH1
11%
Coca Cola
8%
ESPN
7%
Lay's
7%
Best Western
7%
Kraft
4%
Canon
3%

Score Distribution

Percentile by Number Answered

Percent of People with Each Score

Your Score History

You have not taken this quiz